[Event "AUTO-OPEN-3803"]
[Site "http://www.queenalice.com/game.php?id=1498425"]
[Date "2017.10.11"]
[Round "2"]
[White "miltonlovisk"]
[Black "RobertD"]
[Result "1-0"]
[WhiteElo "2036"]
[BlackElo "2121"]

1. e4 e5 2. Nf3 d6 3. Bc4 h6 4. a3 Nf6 5. Nc3 c6 6. d4 Bg4 7. dxe5 Bxf3 8. Qxf3
dxe5 9. g4 Qd4 10. Bd3 Bc5 11. Be3 Qd6 12. g5 Bxe3 13. gxf6 Bg5 14. fxg7 Rg8 15.
h4 Bf6 16. O-O-O Nd7 17. Qe3 Bxg7 18. Rd2 h5 19. Qg5 Qf6 20. Qxh5 Bh6 21. Qe2
Bxd2+ 22. Kxd2 Qf4+ 23. Ke1 O-O-O 24. Qe3 Qxe3+ 25. fxe3 Rg3 26. Kf2 Rdg8 27.
Bf1 Nf6 28. h5 R3g4 29. Kf3 Rg3+ 30. Ke2 Rh8 31. Bh3+ Kd8 32. Bf5 Rxh5 33. Rxh5
Rg2+ 34. Kf3 Rxc2 35. Rh8+ Ke7 36. Nd1 Rd2 37. Nf2 Rxb2 38. Nd3 Rb5 39. Rc8 Kd6
40. Rh8 c5 41. Rh6 Ke7 42. Nxe5 Rb3 43. a4 Rb4 44. a5 c4 45. a6 bxa6 46. Nc6+
Kf8 47. Nxb4 1-0

[Event "AUTO-OPEN-3803"]
[Site "http://www.queenalice.com/game.php?id=1498432"]
[Date "2017.10.11"]
[Round "2"]
[White "miltonlovisk"]
[Black "yclaudiu35"]
[Result "1-0"]
[WhiteElo "2016"]
[BlackElo "1957"]

1. e4 e5 2. Bc4 Bc5 3. Nf3 Qf6 4. d3 h6 5. O-O c6 6. a3 d6 7. b4 Bb6 8. Nc3 Bg4
9. h3 Bh5 10. g4 Bg6 11. Kg2 Ne7 12. Nh2 d5 13. exd5 e4 14. Bb2 Bd4 15. Qd2 exd3
16. cxd3 Nd7 17. Nf3 cxd5 18. Nxd4 Qxd4 19. Nxd5 1-0

[Event "AUTO-OPEN-3803"]
[Site "http://www.queenalice.com/game.php?id=1498433"]
[Date "2017.10.11"]
[Round "2"]
[White "yclaudiu35"]
[Black "miltonlovisk"]
[Result "1-0"]
[WhiteElo "1977"]
[BlackElo "2073"]

1. e4 e5 2. Nf3 Qf6 3. Bc4 h6 4. Nc3 c6 5. d4 exd4 6. Nxd4 Bc5 7. Nf3 Ne7 8. e5
Qg6 9. O-O a5 10. Nh4 Qh7 11. Be3 Bb4 12. f4 Nf5 13. Nxf5 Qxf5 14. g4 Qh7 15. f5
g6 16. fxg6 fxg6 17. Bf7+ Kd8 18. Bb6+ Ke7 19. a3 Rf8 20. axb4 Rxf7 21. Qd6+ Ke8
22. Rxf7 Qxf7 23. Rf1 Qg7 24. Ne4 axb4 25. Nf6+ Kf7 26. Nh5+ 1-0

[Event "AUTO-ADV-3897"]
[Site "http://www.queenalice.com/game.php?id=1509060"]
[Date "2017.12.22"]
[Round "2"]
[White "miltonlovisk"]
[Black "Boeing"]
[Result "0-1"]
[WhiteElo "2121"]
[BlackElo "1906"]

1. e4 e5 2. Nf3 d6 3. Bc4 Nf6 4. Nc3 c6 5. Ng5 d5 6. exd5 Nxd5 7. Nxd5 cxd5 8.
Bb5+ Bd7 9. Bxd7+ Qxd7 10. O-O Be7 11. d3 Bxg5 12. Bxg5 O-O 13. Bh4 Nc6 14. f4
Nd4 15. fxe5 Nf5 16. Qg4 g6 17. Bg5 h5 18. Qh3 Rfe8 19. Bf6 Qa4 20. b3 Qd4+ 21.
Kh1 Ne3 22. Rfc1 Nxc2 23. Rab1 Na3 24. Ra1 Nc2 25. Rab1 Na3 26. Ra1 Nc2 27. Rab1
Na3 28. Qg3 Nxb1 29. Qg5 Kh7 30. Rxb1 Qxd3 31. Rc1 Rac8 32. Re1 Qc3 33. Rf1 Qd3
34. Qf5 gxf5 0-1

[Event "AUTO-ADV-3897"]
[Site "http://www.queenalice.com/game.php?id=1509061"]
[Date "2017.12.22"]
[Round "2"]
[White "Boeing"]
[Black "miltonlovisk"]
[Result "1/2-1/2"]
[WhiteElo "1924"]
[BlackElo "2103"]

1. e4 e5 2. Nf3 Nc6 3. Bb5 Qf6 4. Bxc6 dxc6 5. O-O Bg4 6. Nc3 h5 7. d3 h4 8. Bg5
Bxf3 9. Bxf6 Bxd1 10. Bxe5 Bxc2 11. d4 O-O-O 12. Rac1 Bd3 13. Rfe1 f6 14. Bf4
Rxd4 15. g3 hxg3 16. Bxg3 Bd6 17. e5 fxe5 18. Bxe5 Bxe5 19. Rxe5 Nf6 20. Rg5
Rg4+ 21. Rxg4 Nxg4 22. f3 Ne5 23. Kg2 Bf5 24. Re1 Rxh2+ 25. Kxh2 Nxf3+ 26. Kg3
Nd4 27. Kf4 g6 28. Na4 b5 29. Nc5 Kb8 30. b4 Nc2 31. Re8+ Bc8 32. Na6+ Kb7 33.
Nc5+ Kb8 34. Na6+ Kb7 35. Nc5+ Kb8 1/2-1/2

[Event "AUTO-ADV-3897"]
[Site "http://www.queenalice.com/game.php?id=1509062"]
[Date "2017.12.22"]
[Round "2"]
[White "miltonlovisk"]
[Black "The_Clown"]
[Result "1-0"]
[WhiteElo "2126"]
[BlackElo "1692"]

1. e4 e5 2. Nf3 d6 3. Bc4 Nf6 4. Nc3 Bg4 5. h3 Bxf3 6. Qxf3 a6 7. a3 Nc6 8. Ne2
Be7 9. c3 O-O 10. Bd3 d5 11. exd5 e4 12. Bxe4 Ne5 13. Qf4 Bd6 14. Qe3 Nxe4 15.
Qxe4 Re8 16. O-O Ng6 17. Qd3 Ne5 18. Qc2 h6 19. d4 Ng6 20. Be3 Qd7 21. c4 b6 22.
Nc3 Rad8 23. c5 bxc5 24. dxc5 Be5 25. Rad1 Bxc3 26. Qxc3 c6 27. d6 Nf8 28. Bd4
Ne6 29. Qc4 Nxd4 30. Rxd4 Qc8 31. b4 Rd7 32. Qc3 Re5 33. Rg4 f6 34. f4 Rf5 35.
Qd3 Rf7 36. Rg3 Qe6 37. Re3 Qd5 38. g4 Qxd3 39. Rxd3 Rd5 40. Rxd5 cxd5 41. Rd1
g5 42. fxg5 hxg5 43. Rxd5 Kf8 44. c6 Ke8 45. d7+ Rxd7 46. Rxd7 1-0

[Event "AUTO-ADV-3897"]
[Site "http://www.queenalice.com/game.php?id=1509063"]
[Date "2017.12.22"]
[Round "2"]
[White "The_Clown"]
[Black "miltonlovisk"]
[Result "0-1"]
[WhiteElo "1714"]
[BlackElo "2135"]

1. d4 d5 2. c4 h6 3. cxd5 Qxd5 4. Nc3 Qf5 5. e4 Qg6 6. h3 e6 7. Nf3 Nf6 8. e5
Nh7 9. Nb5 Qe4+ 10. Be2 Qc6 11. O-O a6 12. a4 b6 13. Nc3 Qd7 14. Bd2 c5 15. dxc5
Bxc5 16. Re1 Bb7 17. Qc2 Nc6 18. Bd3 Nf8 19. Be3 O-O-O 20. Bxc5 bxc5 21. Be4 Nb4
22. Bxb7+ Qxb7 23. Qe2 Ng6 24. Rad1 Qc6 25. Rxd8+ Rxd8 26. Rd1 Rxd1+ 27. Qxd1
Kc7 28. b3 Nf4 29. Ne2 Nxe2+ 30. Qxe2 Qd5 31. Qe3 Nc6 32. Qe2 Kb6 33. Nd2 Nxe5
34. Nc4+ Nxc4 35. bxc4 Qd4 36. g3 e5 37. h4 f6 38. Qa2 Ka5 39. Qb3 Qa1+ 40. Kg2
Qxa4 41. Qc3+ Kb6 42. Kf3 Qc6+ 43. Kg4 a5 44. Kf5 Qd7+ 45. Kg6 a4 46. Qb2+ Ka7
47. f3 Qb7 48. Qa3 Qb4 49. Qc1 a3 50. Kxg7 Qb2 51. Qd1 a2 52. Qa4+ Kb6 53. Kxf6
a1=Q 54. Qxa1 Qxa1 55. Kf5 Qd4 0-1

[Event "AUTO-ADV-3897"]
[Site "http://www.queenalice.com/game.php?id=1509064"]
[Date "2017.12.22"]
[Round "2"]
[White "miltonlovisk"]
[Black "Fredo"]
[Result "1-0"]
[WhiteElo "2131"]
[BlackElo "1959"]

1. e4 g6 2. Bc4 Bg7 3. d4 c5 4. Qf3 e6 5. dxc5 Qa5+ 6. c3 Qxc5 7. Bb3 Ne7 8. Ne2
O-O 9. O-O Qc7 10. Bg5 Nbc6 11. Bf4 e5 12. Bg3 d6 13. Nd2 a5 14. Nc4 f5 15. Rfd1
fxe4 16. Qxe4 Kh8 17. Nxd6 Nf5 18. Nxf5 gxf5 19. Qc2 b5 20. h3 f4 21. Bh2 Bf5
22. Qd2 Rad8 23. Qc1 Rxd1+ 24. Qxd1 Rd8 25. Qe1 a4 26. Bd1 Na5 27. Kh1 Nc4 28.
b3 Nd2 29. Rc1 axb3 30. axb3 Qb6 31. Ra1 Ne4 32. Bg1 Qh6 33. f3 Nf6 34. Qf1 Nh5
35. Kh2 Bf6 36. Ra6 Qg7 37. b4 Rg8 38. Bb3 Re8 39. Ra7 Qg6 40. Bf7 1-0

[Event "AUTO-ADV-3897"]
[Site "http://www.queenalice.com/game.php?id=1509065"]
[Date "2017.12.22"]
[Round "2"]
[White "Fredo"]
[Black "miltonlovisk"]
[Result "0-1"]
[WhiteElo "1989"]
[BlackElo "2112"]

1. e4 e5 2. f4 exf4 3. Bc4 g5 4. h4 Qf6 5. hxg5 Qxg5 6. Kf1 h5 7. d4 Ne7 8. Nh3
Qg6 9. Nc3 Qb6 10. Nxf4 h4 11. Qf3 Qxd4 12. Bxf7+ Kxf7 13. Nfd5+ Kg8 14. Nf6+
Kg7 15. Ne8+ Kg6 16. Qg4+ Kf7 17. Nxc7 Qc4+ 0-1

[Event "AUTO-OPEN-3800"]
[Site "http://www.queenalice.com/game.php?id=1511393"]
[Date "2018.1.11"]
[Round "3"]
[White "miltonlovisk"]
[Black "ReyFeroz"]
[Result "1/2-1/2"]
[WhiteElo "2152"]
[BlackElo "1791"]

1. e4 c6 2. Nf3 d5 3. exd5 cxd5 4. d4 Nf6 5. Bb5+ Bd7 6. Bxd7+ Nbxd7 7. O-O e6
8. Re1 Bd6 9. a3 Qc7 10. h3 O-O 11. Be3 Rac8 12. c3 Ne4 13. Nbd2 Ndf6 14. Nxe4
Nxe4 15. Qd3 a6 16. Nd2 Nxd2 17. Qxd2 b5 18. Rec1 a5 19. Qd3 Qc4 20. Qxc4 Rxc4
21. b3 Rc6 22. b4 a4 23. Kf1 Rfc8 24. Bd2 e5 25. Ke2 exd4 26. cxd4 Rc4 27. Kd3
Rxc1 28. Rxc1 Rxc1 29. Bxc1 Kf8 30. Ke3 Ke7 31. g4 Kf6 32. f4 g6 33. Bd2 h6 34.
h4 h5 35. Kf3 hxg4+ 36. Kxg4 Bc7 37. Be3 Bd6 1/2-1/2

[Event "OS INCLIVES"]
[Site "http://www.queenalice.com/game.php?id=1520131"]
[Date "2018.3.18"]
[Round "-"]
[White "adelio"]
[Black "miltonlovisk"]
[Result "0-1"]
[WhiteElo "1623"]
[BlackElo "2119"]

1. d4 d5 2. e4 dxe4 3. Nc3 f5 4. h4 g6 5. h5 Bg7 6. Be3 Nc6 7. hxg6 hxg6 8. Rxh8
Bxh8 9. Nh3 e5 10. dxe5 Qxd1+ 11. Rxd1 Bxe5 12. Ng5 Bxc3+ 13. bxc3 Ke7 14. Bc5+
Kf6 15. f4 Be6 16. Nxe6 Kxe6 17. Bc4+ Kf6 18. Rd7 g5 19. Rf7+ Kg6 20. fxg5 Kxg5
21. Rg7+ Kh6 22. Rf7 Ne5 23. Be3+ Kg6 24. Rxc7 Nxc4 25. Rxc4 Ne7 26. Rc7 Nd5 27.
Rxb7 Nxe3 28. Kf2 Nxc2 29. Rc7 f4 30. g4 a5 31. a4 Rd8 32. Rc5 Rd2+ 33. Kg1 f3
0-1

[Event "OS INCLIVES"]
[Site "http://www.queenalice.com/game.php?id=1520132"]
[Date "2018.3.18"]
[Round "-"]
[White "miltonlovisk"]
[Black "adelio"]
[Result "1-0"]
[WhiteElo "2120"]
[BlackElo "1621"]

1. e4 a6 2. a3 c5 3. Nf3 e6 4. d4 Be7 5. d5 d6 6. Be2 h5 7. O-O h4 8. h3 e5 9.
Nh2 g6 10. f4 Bxh3 11. gxh3 Nd7 12. f5 Ndf6 13. fxg6 fxg6 14. Nc3 b5 15. Bf3 Nh5
16. Bg4 Ng3 17. Rf2 Nh6 18. Bxh6 Rxh6 19. Qf3 Nf5 20. exf5 g5 21. Bh5+ Kd7 22.
Bg4 Kc7 23. Qe4 Bf6 24. Rf3 Rb8 25. Rf2 a5 26. Be2 c4 27. b3 Qe8 28. bxc4 b4 29.
axb4 axb4 30. Nb5+ Rxb5 31. cxb5 Qb8 32. Qc4+ 1-0

[Event "AUTO-MASTER-2636"]
[Site "http://www.queenalice.com/game.php?id=1522849"]
[Date "2018.4.9"]
[Round "2"]
[White "AsterixTwin"]
[Black "miltonlovisk"]
[Result "1-0"]
[WhiteElo "2508"]
[BlackElo "2097"]

1. e4 e5 2. Nf3 Nc6 3. Bc4 h6 4. d4 exd4 5. Nxd4 Ne5 6. Bb3 c6 7. O-O Bc5 8. Be3
d6 9. h3 Qf6 10. f4 Nd7 11. Nc3 Qe7 12. Qf3 Ngf6 13. Nf5 Bxe3+ 14. Qxe3 Qf8 15.
Rad1 Nb6 16. Nxd6+ Ke7 17. Nxf7 Nbd7 18. Nxh8 Qxh8 19. e5 Nh7 20. e6 Nb6 21.
Qc5+ Kf6 22. Ne4+ Kg6 23. f5+ Kh5 24. g4+ 1-0

[Event "AUTO-MASTER-2636"]
[Site "http://www.queenalice.com/game.php?id=1522850"]
[Date "2018.4.9"]
[Round "2"]
[White "miltonlovisk"]
[Black "AsterixTwin"]
[Result "0-1"]
[WhiteElo "2093"]
[BlackElo "2531"]

1. e4 c5 2. a3 g6 3. h3 Bg7 4. Bc4 e6 5. c3 d5 6. exd5 exd5 7. Be2 Ne7 8. Nf3
O-O 9. O-O d4 10. Bc4 Nbc6 11. Re1 Nd5 12. Bxd5 Qxd5 13. a4 Bd7 14. d3 Rfe8 15.
Rxe8+ Rxe8 16. Bf4 dxc3 17. Nxc3 Qf5 18. Be3 Nd4 19. Bxd4 cxd4 20. Ne4 Qd5 21.
b4 b6 22. b5 f5 23. Ng3 Bc8 24. Rc1 Bb7 25. Rc7 Bf6 0-1

[Event "AUTO-MASTER-2637"]
[Site "http://www.queenalice.com/game.php?id=1531251"]
[Date "2018.6.15"]
[Round "2"]
[White "miltonlovisk"]
[Black "Alexandrovinsk"]
[Result "0-1"]
[WhiteElo "2060"]
[BlackElo "2178"]

1. e4 e5 2. Nf3 Nc6 3. d4 exd4 4. Nxd4 Nxd4 5. Qxd4 Ne7 6. Bc4 Nc6 7. Qd5 Qf6 8.
c3 Be7 9. O-O O-O 10. f4 d6 11. Qd1 Be6 12. Bd3 a6 13. Qh5 g6 14. Qe2 Qg7 15. f5
Bd7 16. fxg6 fxg6 17. Be3 Rxf1+ 18. Qxf1 Rf8 19. Qc1 Ne5 20. Bc2 c5 21. Bh6 Qf6
22. Bxf8 Bxf8 23. Qf1 Qg5 24. Na3 Ng4 25. Bb3+ c4 26. Nxc4 d5 27. exd5 Bc5+ 28.
Kh1 Qh4 29. h3 Nf2+ 30. Kh2 Bxh3 31. gxh3 Ng4+ 32. Kg2 Nf2 33. Kf3 Qe4+ 34. Kg3
h5 35. Qe1 h4+ 36. Kh2 Qf4+ 37. Kg2 Qg3+ 38. Kf1 Qxh3+ 39. Ke2 Qd3# 0-1

[Event "AUTO-MASTER-2637"]
[Site "http://www.queenalice.com/game.php?id=1531252"]
[Date "2018.6.15"]
[Round "2"]
[White "Alexandrovinsk"]
[Black "miltonlovisk"]
[Result "1-0"]
[WhiteElo "2172"]
[BlackElo "2079"]

1. d4 d5 2. c4 dxc4 3. Nf3 e6 4. e4 b5 5. a4 c6 6. b3 cxb3 7. axb5 Bb4+ 8. Bd2
Bxd2+ 9. Nbxd2 Nf6 10. Qxb3 O-O 11. b6 Qd7 12. Be2 Qb7 13. O-O axb6 14. Rxa8
Qxa8 15. Qxb6 Qb7 16. Rb1 Qxb6 17. Rxb6 Bd7 18. Ne5 Rc8 19. f3 Kf8 20. Ndc4 Ke7
21. Rb7 Ke8 22. Nd6+ 1-0

[Event "AUTO-OPEN-3845"]
[Site "http://www.queenalice.com/game.php?id=1533589"]
[Date "2018.7.4"]
[Round "2"]
[White "Marbol"]
[Black "miltonlovisk"]
[Result "1-0"]
[WhiteElo "2302"]
[BlackElo "2067"]

1. Nf3 Nc6 2. g3 e5 3. d3 Bb4+ 4. c3 Ba5 5. b4 Bb6 6. b5 Na5 7. Nxe5 Qf6 8. d4
d6 9. Nd3 Ne7 10. Nd2 Bf5 11. e4 Bg6 12. Bg2 c6 13. bxc6 Naxc6 14. O-O O-O-O 15.
Nc4 Bc7 16. Rb1 d5 17. Bh3+ Bf5 18. exf5 dxc4 19. Nc5 b6 20. Ne4 Qe5 21. dxe5
Rxd1 22. Rxd1 Kb8 23. f4 a6 24. f6 gxf6 25. exf6 Ng6 26. Nc5 1-0

[Event "AUTO-OPEN-3845"]
[Site "http://www.queenalice.com/game.php?id=1533590"]
[Date "2018.7.4"]
[Round "2"]
[White "miltonlovisk"]
[Black "Marbol"]
[Result "0-1"]
[WhiteElo "2089"]
[BlackElo "2241"]

1. e4 c5 2. d4 cxd4 3. Qxd4 Nc6 4. Qc3 Nf6 5. a3 Nxe4 6. Qf3 d5 7. Bb5 Qa5+ 8.
Nc3 Nxc3 9. Bxc6+ bxc6 10. b4 Qb5 11. Qxc3 Ba6 12. Qf3 Qf1+ 13. Kd2 g6 14. Bb2
Bh6+ 0-1

[Event "AUTO-OPEN-3845"]
[Site "http://www.queenalice.com/game.php?id=1533597"]
[Date "2018.7.4"]
[Round "2"]
[White "miltonlovisk"]
[Black "sia"]
[Result "0-1"]
[WhiteElo "2033"]
[BlackElo "2066"]

1. e4 e5 2. Nf3 d6 3. Bc4 h6 4. d4 f6 5. Bxg8 Rxg8 6. dxe5 fxe5 7. Nc3 Bg4 8. h3
Bh5 9. Qd5 Rh8 10. Qxb7 Nd7 11. Nd5 Rc8 12. Qxa7 Bxf3 13. gxf3 Be7 14. Nxe7 Qxe7
15. Qe3 Nf6 16. a4 Nh5 17. a5 Nf4 18. Kd1 Qd7 19. h4 Qb5 20. a6 Rf8 21. a7 Kd7
22. b3 Ra8 23. c4 Qb7 24. Rg1 Rf7 25. Bd2 c5 26. Kc2 Rxa7 27. Bc3 Rxa1 28. Rxa1
Ng2 29. Qe2 Nxh4 30. Rg1 Nxf3 31. Qxf3 Rxf3 32. Rxg7+ Kc6 33. Rxb7 Kxb7 34. Be1
h5 0-1

[Event "AUTO-OPEN-3845"]
[Site "http://www.queenalice.com/game.php?id=1533598"]
[Date "2018.7.4"]
[Round "2"]
[White "sia"]
[Black "miltonlovisk"]
[Result "1-0"]
[WhiteElo "2039"]
[BlackElo "2049"]

1. e4 e5 2. d3 Bb4+ 3. c3 Ba5 4. a4 c5 5. Nf3 d6 6. Be2 Bg4 7. Nbd2 Nf6 8. O-O
Nc6 9. Nc4 Bc7 10. Bg5 Ne7 11. Bxf6 gxf6 12. Nh4 Bxe2 13. Qxe2 Ng6 14. Nf5 Nf4
15. Qf3 Rg8 16. g3 Nh3+ 17. Kh1 Kd7 18. Qh5 Ng5 19. h4 h6 20. Nxh6 Rg7 21. hxg5
fxg5 22. Nf5 Rg6 23. Kg2 Qf6 24. Qg4 Kc6 25. Nfe3 Rh8 26. Nd5 Qd8 27. Nxc7 Kxc7
28. Qf5 Qf6 29. Qxf6 Rxf6 30. a5 g4 31. Rh1 Rfh6 32. Rxh6 Rxh6 33. Rh1 1-0